Tổng quan về ASEAN và tiềm năng Tp. HCM trong tiến trình hội nhập

保存先:
書誌詳細
第一著者: Nguyễn Quốc Lộc
フォーマット: 図書
言語:Undetermined
出版事項: Tp. HCM Tổng hợp Tp. HCM 2004
主題:
タグ: タグ追加
タグなし, このレコードへの初めてのタグを付けませんか!
Thư viện lưu trữ: Trung tâm Học liệu Trường Đại học Cần Thơ
LEADER 00728nam a2200217Ia 4500
001 CTU_60216
008 210402s9999 xx 000 0 und d
020 |b 62000 
082 |a 330.9597 
082 |b L451 
100 |a Nguyễn Quốc Lộc 
245 0 |a Tổng quan về ASEAN và tiềm năng Tp. HCM trong tiến trình hội nhập 
245 0 |c Nguyễn Quốc Lộc, Nguyễn Công Khanh và Đoàn Thanh Hương 
260 |a Tp. HCM 
260 |b Tổng hợp Tp. HCM 
260 |c 2004 
650 |a vietnam 
650 |x developing countries,economic conditions 
650 |z ho chi minh city 
904 |i Minh 
980 |a Trung tâm Học liệu Trường Đại học Cần Thơ